000 01177nam a2200313 c 4500
003 BLK
005 20221210124408.0
008 180408b bul|||||r ||||||| ||bul||
010 _aKNG00087695000
020 _a978-954-515-006-7
_bиздат.: Милениум
040 _aBLK
041 _aBUL
_cBUL
080 _aАнглийска литература
_b821.111
_x-312.4
_z821.111-312.4
100 1 _aУилсън, Андрю
_eпърви автор
_9300833
700 1 _aКариева, Ралица Бойчева
_eпрев. от англ.
_977094
139 _aУилсън, Андрю
_bУ 39
245 1 0 _aЛъжлив език
_bРоман
_cАндрю Уилсън; прев. от англ. Ралица Бойчева Кариева.
257 _aGBR
260 София
_bМилениум
_c2008
_fСофия : Мултипринт
300 _a352 с.
_c20 см
380 _aX
500 _aОриг. загл. The Lying Tongue / Andrew Wilson. - Офс. изд.
653 _aкрими
852 _aЦб 242731
856 4 _qpdf
_u
856 4 _qpdf
_u
942 _cKNG
_n0
_02
944 _aCR
_c06.02.2009
_lф /
_kВаля_Йорданова
944 _aED
_c07.09.2009
_lф /
_k
999 _c83152
_d83152